Automatizovaná konverzační rozhraní v bankovnictví: AI jako nástroj zefektivnění styku s klientem

Interaktívne technológie v podobe inteligentných konverzačných robotov (tzv. chatbotov) si nachádzajú cestu do oblasti bankovníctva. Konverzačné roboty sú softvérové riešenia založené na umelej inteligencii (IA), ktoré poskytujú služby s nižšími finančnými nákladmi a s nenáročnou obsluhou. Pre banky...

Descrizione completa

Salvato in:
Dettagli Bibliografici
Autore principale: Koudela, Jan
Natura: Capitolo di libro
Lingua:ceco
Soggetti:
Tags: Aggiungi Tag
Nessun Tag, puoi essere il primo ad aggiungerne!!

MARC

LEADER 00000naa a2200000 4500
001 0241947
005 20180412092501.8
041 0 |a cze 
044 |a CZ 
245 1 0 |a Automatizovaná konverzační rozhraní v bankovnictví: AI jako nástroj zefektivnění styku s klientem  |c Jan Koudela 
520 |a Interaktívne technológie v podobe inteligentných konverzačných robotov (tzv. chatbotov) si nachádzajú cestu do oblasti bankovníctva. Konverzačné roboty sú softvérové riešenia založené na umelej inteligencii (IA), ktoré poskytujú služby s nižšími finančnými nákladmi a s nenáročnou obsluhou. Pre banky je dôležité motivovať svojich klientov aby využívali službu chatbota, napr. znížením popatkov. Nevyhnutnosť je vopred si stanoviť všetky požiadavky na bankového robota, od zvolenej technológie, po osobnosť robota či históriu dát. 
610 2 0 |a inteligencia umelá 
610 2 0 |a technológie informačné 
610 2 0 |a technológie komunikačné 
610 2 0 |a technológie nové 
610 2 0 |a bankovníctvo 
610 2 0 |a spokojnosť zákazníkov 
100 1 |a Koudela, Jan